| 000 | 00440nam a22001457a 4500 | ||
|---|---|---|---|
| 082 |
_a510.212 _bSUR |
||
| 245 |
_aAuxiliary Tables _bMathematical Tables |
||
| 260 |
_aPakistan _bSurvey of Pakistan Office Murree _c1953 |
||
| 300 |
_a99 .:p _bTables _c27 CM |
||
| 526 |
_a0 _b0 _c0 _d510_212000000000000_SUR |
||
| 526 |
_a0 _b0 _c0 _d510_212000000000000_SUR |
||
| 526 |
_a0 _b0 _c0 _d526_802120000000000_SUR |
||
| 650 |
_aMCE _9379 |
||
| 942 |
_2ddc _cBK |
||
| 999 |
_c543601 _d543601 |
||